000 00801nam a2200277 c 4500
003 BLK
005 20240212083849.0
008 180408b bul|||||r ||||||| ||bul||
020 _a9791220143530
040 _aBLK
041 _aENG
_cENG
080 _aБългарска литература
_b821.163.2
_z821.163.2-1
100 _aKostadinova, Radoslava Antonova
_9490891
_qКостадинова, Радослава Антонова
139 _bК 86
245 1 0 _aHaikus
_cRadoslava Antonova Kostadinova
257 _aBGR
260 _bEurope Books
_c2023
_9487923
_aLondon
300 _a45 p.
_c21 cm
380 _aX
856 4 _qpdf
856 4 _qpdf
942 _cKNG
_n0
944 _cНора Радева
_k30545
_lНора Радева
999 _c503078
_d503078
999 _d503078
999 _d74236